00378nam a2200133Ia 45000030006000000080041000060400015000471000011000622450099000732500010001722600033001825460012002150050017002270STCL150530s9999 xx 000 0 und d aSTCLcSTCL aArnold aArnold poetry and prose with William Watsons poem and essays by Lionel Johnson and H.W. Garrod aFirst bOxford Clarendon pressc1963 aEnglish20220125170935.0